Quick Pick: Beverage Museums by Location Quiz Stats

 Plays Quiz Updated Nov 1, 2017

Challenge
Share
Tweet
Embed
Score 0/12 Timer 01:30
0 Plays Today
% Correct
Munich, Germany
97.1%
Mexico City, Mexico
94.9%
Kyoto, Japan
92.6%
Atlanta, GA, USA
87.1%
Havana, Cuba
86.7%
Bardstown, KY, USA
86.7%
Kandy, Sri Lanka
81.6%
Plomari, Greece
80.3%
Montenegro, Colombia
78.7%
Laval, France
75.6%
Porto, Portugal
68.5%
Nava, Spain
56.6%

Today's Daily Dose

You're not logged in!

Compare scores with friends on all Sporcle quizzes.
OR
Log In

You Might Also Like...

Show Comments

Extras

Top Quizzes Today


Score Distribution

Your Account Isn't Verified!

In order to create a playlist on Sporcle, you need to verify the email address you used during registration. Go to your Sporcle Settings to finish the process.

Report this User

Report this user for behavior that violates our Community Guidelines.

Details: